[Event "Prebor DDM 2007"]
[Site "?"]
[Date "2007.10.10"]
[Round "1"]
[White "Spolc, Ondrej"]
[Black "Kalab, Jaromir"]
[Result "0-1"]
[WhiteElo "1294"]
[BlackElo "1733"]
[PlyCount "50"]
[EventDate "2007.10.10"]
[SourceDate "2007.10.10"]

1. d4 Nf6 2. c4 d5 3. Nc3 e6 4. a3 c5 5. e3 Nc6 6. Nf3 Bd7 7. Be2 dxc4 8. dxc5
Bxc5 9. Bxc4 O-O 10. O-O a6 11. b4 Be7 12. Bb2 b5 13. Be2 Qb6 14. Qc2 Rac8 15.
a4 Nxb4 16. Qb3 Nfd5 17. axb5 Nxc3 18. Bxc3 Bxb5 19. Nd4 Bxe2 20. Nxe2 Ra8 21.
Ra4 Rfb8 22. Bxb4 Bxb4 23. Rxb4 Qxb4 24. Qxb4 Rxb4 25. Rd1 a5 0-1

[Event "Prebor DDM 2007"]
[Site "?"]
[Date "2007.10.10"]
[Round "1"]
[White "Pokorny, Ondrej"]
[Black "Safranek, David"]
[Result "1-0"]
[WhiteElo "1978"]
[BlackElo "1700"]
[PlyCount "47"]
[EventDate "2007.10.10"]
[SourceDate "2007.10.10"]

1. e4 c5 2. Nf3 Nc6 3. d4 cxd4 4. Nxd4 Nf6 5. Nc3 d6 6. Bc4 g6 7. Be3 Bg7 8. f3
O-O 9. Qd2 Nxd4 10. Bxd4 Be6 11. Bxe6 fxe6 12. O-O-O Qa5 13. Kb1 Rac8 14. Rhe1
Nd7 15. Bxg7 Kxg7 16. h4 Rc4 17. h5 g5 18. e5 Nxe5 19. Qxg5+ Kf7 20. f4 Nc6 21.
Qh6 Ke8 22. Qxe6 Rfxf4 23. Rxd6 Rcd4 24. Rxd4 1-0

[Event "Prebor DDM 2007"]
[Site "?"]
[Date "2007.10.10"]
[Round "1"]
[White "Kalabova, Jitka"]
[Black "Fica, Alexander"]
[Result "0-1"]
[WhiteElo "1359"]
[BlackElo "1801"]
[PlyCount "91"]
[EventDate "2007.10.10"]
[SourceDate "2007.10.10"]

1. e4 e5 2. Nf3 Nc6 3. Bc4 Be7 4. O-O Nf6 5. Nc3 d6 6. Nd5 Bg4 7. Be2 Nxe4 8.
d3 Nf6 9. Nxe7 Nxe7 10. Ng5 Bf5 11. Bf3 c6 12. b3 O-O 13. Ba3 h6 14. Ne4 Bxe4
15. dxe4 c5 16. b4 b6 17. b5 a6 18. bxa6 Rxa6 19. Qd3 Qa8 20. Bc1 Nc6 21. Be2
Ra5 22. c4 Nd4 23. Bd1 Rxa2 24. Rxa2 Qxa2 25. Qg3 Kh7 26. Qd3 Qa8 27. f4 Qxe4
28. Qxe4+ Nxe4 29. fxe5 dxe5 30. Bg4 f5 31. Bd1 Nc3 32. Kf2 Nxd1+ 33. Rxd1 g5
34. Ba3 Ra8 35. Bc1 Ra2+ 36. Rd2 Ra4 37. Bb2 Rxc4 38. Ke3 Rc2 39. Rxc2 Nxc2+
40. Kd3 Nd4 41. g4 e4+ 42. Ke3 fxg4 43. Bxd4 cxd4+ 44. Kxe4 Kg6 45. Kxd4 Kf5
46. Ke3 0-1

[Event "Prebor DDM 2007"]
[Site "?"]
[Date "2007.10.10"]
[Round "1"]
[White "Schmidt, Karel"]
[Black "Dlohos, Stepan"]
[Result "1-0"]
[WhiteElo "1790"]
[BlackElo "1296"]
[PlyCount "47"]

1. d4 e6 2. c4 d5 3. Nc3 Nc6 4. Nf3 Nf6 5. Bg5 Be7 6. Rc1 O-O 7. e3 Bd7 8. Bd3
Bb4 9. O-O Bd6 10. h3 h6 11. Bh4 b6 12. cxd5 exd5 13. Nxd5 Be7 14. Nxe7+ Qxe7
15. Qc2 g5 16. Bg3 Kg7 17. Bf5 Nh5 18. Bh2 Bxf5 19. Qxf5 Qe8 20. Nxg5 Nf6 21.
Nf3 Ne7 22. Qd3 Ned5 23. Be5 Qe7 24. e4 1-0

[Event "Prebor DDM 2007"]
[Site "?"]
[Date "2007.10.10"]
[Round "1"]
[White "Sterba, Karel"]
[Black "Spolc, Martin"]
[Result "1-0"]
[WhiteElo "1831"]
[BlackElo "1366"]
[PlyCount "67"]
[SourceDate "2007.10.10"]

1. e4 e5 2. Nf3 Nc6 3. Bb5 f6 4. O-O b6 5. d4 Bd6 6. Bxc6 dxc6 7. dxe5 fxe5 8.
Nxe5 Ne7 9. Nf3 Be6 10. c3 Qd7 11. e5 Bg4 12. exd6 Bxf3 13. Qxf3 cxd6 14. Be3
O-O-O 15. Nd2 Rhf8 16. Qe2 Kb7 17. a4 Nd5 18. Nc4 Nf4 19. Qd2 Qg4 20. Bxf4 Rxf4
21. Ne3 Qh5 22. b4 a5 23. Rae1 Re4 24. Nc2 Rde8 25. Rxe4 Rxe4 26. Qxd6 Qf7 27.
Nd4 Qc7 28. Qxc7+ Kxc7 29. f3 Re3 30. Rc1 c5 31. Nb5+ Kc6 32. Kf2 Re6 33. Re1
Rh6 34. Re7 1-0

[Event "Prebor DDM 2007"]
[Site "?"]
[Date "2007.10.10"]
[Round "1"]
[White "Raba, Milan"]
[Black "Kottek, Eduard"]
[Result "0-1"]
[WhiteElo "1371"]
[BlackElo "1880"]
[PlyCount "101"]
[SourceDate "2007.10.10"]

1. d4 Nf6 2. c4 e6 3. g3 c5 4. Nf3 Nc6 5. Bg2 cxd4 6. Nxd4 Bc5 7. Nxc6 bxc6 8.
O-O O-O 9. Bf4 d5 10. Nc3 Bb7 11. Qb3 Qb6 12. Na4 Qxb3 13. axb3 Bb4 14. Be5 Nd7
15. Bc3 Be7 16. Rfd1 Rfd8 17. Bd4 e5 18. Be3 d4 19. Bd2 Rab8 20. e3 c5 21. exd4
Bxg2 22. Kxg2 cxd4 23. f4 f6 24. fxe5 fxe5 25. Re1 Rxb3 26. Bf4 Bf6 27. Bd2 Rc8
28. Rec1 Be7 29. Rc2 e4 30. Bf4 Rb4 31. b3 Rxb3 32. Nb2 Bc5 33. Rac1 d3 34. Rd2
Bb4 35. Rf2 d2 36. Bxd2 Rxb2 37. Bxb4 Rxb4 38. Rd2 Nf6 39. Ra2 Rbxc4 40. Rxc4
Rxc4 41. Rxa7 Rc2+ 42. Kh3 Rd2 43. Ra8+ Kf7 44. Ra7+ Rd7 45. Rxd7+ Nxd7 46. Kg2
Ke6 47. Kf2 Ke5 48. Ke3 Nf6 49. h3 Nd5+ 50. Kf2 Kd4 51. Ke1 0-1

[Event "Prebor DDM 2007"]
[Site "?"]
[Date "2007.10.11"]
[Round "1"]
[White "Zuna, Zdenek"]
[Black "Smutny, Patrik"]
[Result "1-0"]
[WhiteElo "1847"]
[BlackElo "1374"]
[PlyCount "47"]
[SourceDate "2007.10.11"]

1. e4 e5 2. Nc3 Nc6 3. f4 Nf6 4. fxe5 Nxe5 5. d4 Ng6 6. Bc4 d6 7. Nf3 Ne7 8.
Bg5 Nd7 9. O-O Nb6 10. Bxf7+ Kxf7 11. Ne5+ Ke8 12. Qh5+ g6 13. Nxg6 Rg8 14.
Nxe7+ Kd7 15. Nxg8 Qe8 16. Nf6+ Kc6 17. Qxe8+ Nd7 18. d5+ Kb6 19. Nxd7+ Bxd7
20. Qxd7 a6 21. Na4+ Ka7 22. Qxc7 Bg7 23. Be3+ Bd4 24. Bxd4# 1-0

[Event "Prebor DDM 2007"]
[Site "?"]
[Date "2007.10.11"]
[Round "1"]
[White "Nemec, Jan"]
[Black "Kokstein, Vlastimil"]
[Result "1-0"]
[WhiteElo "1927"]
[BlackElo "1589"]
[PlyCount "97"]
[SourceDate "2007.10.11"]

1. e4 e5 2. Nc3 Nf6 3. f4 exf4 4. e5 Ng8 5. Nf3 d6 6. d4 Bg4 7. Bxf4 dxe5 8.
Bxe5 Nc6 9. Bb5 a6 10. Bxc6+ bxc6 11. O-O Be6 12. Qd2 f6 13. Bg3 Bd6 14. Bxd6
cxd6 15. Rfe1 Kd7 16. d5 Qb6+ 17. Kh1 Bf7 18. dxc6+ Qxc6 19. Rad1 Ne7 20. Ne4
Nc8 21. Qf4 Re8 22. Nxf6+ gxf6 23. Qxf6 Rxe1+ 24. Rxe1 Qd5 25. Ng5 Bg8 26. Qg7+
Kc6 27. Nxh7 Bxh7 28. Qxh7 Ra7 29. Qh3 Kc7 30. c3 Qd2 31. Qe3 Qxe3 32. Rxe3 Kb8
33. c4 Re7 34. Rxe7 Nxe7 35. g4 Kc8 36. Kg2 Kd8 37. Kf3 Nc6 38. Ke4 Ke7 39. h4
a5 40. g5 Ke6 41. h5 Ne7 42. a3 d5+ 43. cxd5+ Nxd5 44. h6 Ne7 45. b4 axb4 46.
axb4 Kf7 47. b5 Ke6 48. b6 Kd6 49. h7 1-0

[Event "Prebor DDM 2007"]
[Site "?"]
[Date "2007.10.11"]
[Round "1"]
[White "Kandrik, Antonin"]
[Black "Smutny, Norbert"]
[Result "1-0"]
[WhiteElo "1883"]
[BlackElo "1412"]
[PlyCount "41"]
[SourceDate "2007.10.11"]

1. e4 e5 2. Nf3 Nc6 3. Bc4 h6 4. Nc3 Nf6 5. d4 exd4 6. Nxd4 Ne5 7. Bb3 Bb4 8.
O-O Bxc3 9. bxc3 O-O 10. f4 Nc6 11. e5 Ne4 12. Qf3 Nc5 13. Nxc6 bxc6 14. Be3
Qe7 15. Bd4 d5 16. exd6 Qxd6 17. Rad1 Bb7 18. Bxg7 Qg6 19. Bxf8 Kxf8 20. f5 Qf6
21. Qf4 1-0

[Event "Prebor DDM 2007"]
[Site "?"]
[Date "2007.10.11"]
[Round "1"]
[White "Smutna, Eva"]
[Black "Rylek, Milan"]
[Result "0-1"]
[WhiteElo "1371"]
[BlackElo "1842"]
[PlyCount "96"]
[SourceDate "2007.10.11"]

1. e4 c5 2. Nc3 d6 3. d4 cxd4 4. Qxd4 Nc6 5. Qc4 Nf6 6. Bd3 e6 7. Nf3 Be7 8.
O-O O-O 9. b4 a6 10. Qb3 b5 11. a4 bxa4 12. Qxa4 Bb7 13. Re1 e5 14. Nh4 g6 15.
Be3 Ng4 16. Nf3 Nxe3 17. Rxe3 Nd4 18. Ne1 Bc6 19. Qa3 Bg5 20. Rg3 Bf4 21. Rg4
Bd7 22. Rxf4 exf4 23. Qc1 Qg5 24. Ra5 Bb5 25. Nd5 Bxd3 26. Nxf4 Bb5 27. Kh1
Rac8 28. Ned3 Rxc2 29. Qe3 Bxd3 30. Rxg5 Rfc8 31. h3 h6 32. Rd5 Rc1+ 33. Kh2
Nc2 34. Nxd3 Nxe3 35. Nxc1 Nxd5 36. Nd3 Nb6 37. Nf4 Rc4 38. f3 Rxb4 39. Nd3 Rb3
40. Nc1 Rb1 41. Ne2 Rb2 42. Nc3 Rb3 43. Na2 Ra3 44. Nb4 a5 45. Nc6 a4 46. Na5
Rd3 47. Kg3 a3 48. Nc4 Nxc4 0-1

[Event "Prebor DDM 2007"]
[Site "?"]
[Date "2007.10.11"]
[Round "1"]
[White "Barta, Tomas"]
[Black "Hacaperka, Michal"]
[Result "0-1"]
[WhiteElo "1430"]
[BlackElo "1893"]
[PlyCount "92"]
[SourceDate "2007.10.11"]

1. e4 c5 2. Nf3 d6 3. d4 cxd4 4. Nxd4 Nf6 5. Nc3 a6 6. Bg5 e6 7. Nf3 Nbd7 8.
Qd2 Be7 9. O-O-O Qc7 10. Qe3 b5 11. Bh4 Bb7 12. Bd3 Rc8 13. Rd2 O-O 14. h3 Nc5
15. Nh2 b4 16. Bxf6 Bxf6 17. Nb1 Qa5 18. a3 Nb3+ 19. Kd1 Nxd2 20. Qxd2 Bxb2 21.
Qxb4 Qxb4 22. axb4 Bd4 23. f3 d5 24. Re1 dxe4 25. Bxe4 Bxe4 26. Rxe4 Bg1 27.
Nf1 Rfd8+ 28. Kc1 Rd4 29. Rxd4 Bxd4 30. Na3 Bc3 31. Nd2 Bxb4 32. Nac4 Kf8 33.
Nb6 Bxd2+ 34. Kxd2 Rc6 35. Nd7+ Ke7 36. Ne5 Rc5 37. Nd3 Rd5 38. Kc3 Kd6 39. Nf4
Rc5+ 40. Kd3 a5 41. Ne2 h5 42. Nc1 a4 43. Na2 h4 44. f4 g5 45. Nb4 gxf4 46. Ke4
Rc4+ 0-1

[Event "Prebor DDM 2007"]
[Site "?"]
[Date "2007.10.17"]
[Round "2"]
[White "Kuhnl, Eduard"]
[Black "Komzak, Roman"]
[Result "1-0"]
[WhiteElo "1720"]
[BlackElo "1783"]
[PlyCount "60"]
[SourceDate "2007.10.17"]

1. d4 Nf6 2. c4 g6 3. Nc3 Bg7 4. e4 d6 5. f3 O-O 6. Bg5 Nbd7 7. Nge2 c5 8. d5
h6 9. Be3 Ne5 10. Ng3 Qa5 11. Qd2 Kh7 12. Be2 b6 13. O-O Ba6 14. b3 Bc8 15. Qc2
Ne8 16. Bd2 Qa6 17. Rab1 Nc7 18. h3 Nd7 19. f4 Bd4+ 20. Kh1 e5 21. dxe6 fxe6
22. f5 g5 23. fxe6 Nxe6 24. e5+ Kg7 25. Nh5+ Kh8 26. Qg6 Bxe5 27. Qxh6+ Kg8 28.
Qxe6+ Kh8 29. Qh6+ Kg8 30. Rxf8+ Nxf8 1-0

[Event "Prebor DDM 2007"]
[Site "?"]
[Date "2007.10.17"]
[Round "2"]
[White "Fica, Alexander"]
[Black "Kandrik, Antonin"]
[Result "1/2-1/2"]
[WhiteElo "1801"]
[BlackElo "1883"]
[PlyCount "39"]
[SourceDate "2007.10.17"]

1. d4 Nf6 2. c4 g6 3. Nc3 Bg7 4. e3 O-O 5. Bd3 d5 6. Nge2 b6 7. cxd5 Nxd5 8.
Be4 c6 9. O-O Bb7 10. a3 Nd7 11. Bf3 Qc7 12. e4 Nxc3 13. bxc3 c5 14. Rb1 Rad8
15. Qb3 Kh8 16. Rd1 e5 17. d5 c4 18. Qc2 Nc5 19. Ng3 Bc8 20. Be3 1/2-1/2

[Event "Prebor DDM 2007"]
[Site "?"]
[Date "2007.10.17"]
[Round "2"]
[White "Vlach, Karel"]
[Black "Stvan, Marek"]
[Result "1-0"]
[WhiteElo "2004"]
[BlackElo "1597"]
[PlyCount "51"]
[SourceDate "2007.10.17"]

1. e4 c5 2. Nf3 d6 3. d4 cxd4 4. Nxd4 Nf6 5. Nc3 g6 6. Bg5 Bg7 7. Qd2 O-O 8.
Be2 Bd7 9. Bh6 Nc6 10. Bxg7 Kxg7 11. h4 h5 12. f3 Rc8 13. O-O-O Ne5 14. g4 Nc4
15. Bxc4 Rxc4 16. gxh5 Nxh5 17. Nf5+ Bxf5 18. exf5 Rf4 19. fxg6 f6 20. Qd5 Ng3
21. Rh3 Nf5 22. h5 Ne3 23. h6+ Kxg6 24. Rg1+ Kh7 25. Qd3+ Nf5 26. Nd5 1-0

[Event "Prebor DDM 2007"]
[Site "?"]
[Date "2007.10.17"]
[Round "2"]
[White "Safranek, David"]
[Black "Kalabova, Jitka"]
[Result "1-0"]
[WhiteElo "1700"]
[BlackElo "1359"]
[PlyCount "45"]
[SourceDate "2007.10.17"]

1. e4 e5 2. Nf3 Nc6 3. Bb5 a6 4. Ba4 Nf6 5. O-O d5 6. Nxe5 Qd6 7. Nxc6 bxc6 8.
e5 Qxe5 9. Bxc6+ Bd7 10. d4 Qf5 11. Bxa8 Bd6 12. Re1+ Ne4 13. Qf3 Qxf3 14. gxf3
O-O 15. fxe4 Rxa8 16. exd5 f5 17. c4 c6 18. c5 Bf8 19. d6 Rb8 20. Nc3 g6 21.
Na4 Bg7 22. Nb6 Rb7 23. Re7 1-0

[Event "Prebor DDM 2007"]
[Site "?"]
[Date "2007.10.17"]
[Round "2"]
[White "Dlohos, Stepan"]
[Black "Raba, Milan"]
[Result "1/2-1/2"]
[WhiteElo "1296"]
[BlackElo "1371"]
[PlyCount "79"]
[SourceDate "2007.10.17"]

1. e4 d6 2. Nc3 Nf6 3. d3 h6 4. Be2 e5 5. Be3 Be7 6. h3 Nc6 7. Nf3 Be6 8. d4
exd4 9. Bxd4 Nxd4 10. Nxd4 Bd7 11. O-O O-O 12. Nf3 Bc6 13. Bd3 Re8 14. Re1 d5
15. e5 Nh5 16. Nd4 Nf4 17. Qf3 Nxd3 18. cxd3 Rf8 19. Qg4 Bc5 20. Nf5 Qg5 21.
Qxg5 hxg5 22. a3 a5 23. Rad1 d4 24. Ne2 Ba4 25. Rc1 Bb6 26. Nexd4 Rad8 27. Nf3
Rxd3 28. Ne7+ Kh8 29. e6 fxe6 30. Ng6+ Kg8 31. Nxf8 Kxf8 32. Rxe6 Bd1 33. Re1
Bxf3 34. gxf3 Rxf3 35. Rf1 Rxh3 36. Rc3 Rh4 37. Rg3 g4 38. Kg2 Bd4 39. b3 Be5
40. Re3 1/2-1/2

[Event "Prebor DDM 2007"]
[Site "?"]
[Date "2007.10.17"]
[Round "2"]
[White "Kottek, Eduard"]
[Black "Kapralek, Martin"]
[Result "1/2-1/2"]
[WhiteElo "1880"]
[BlackElo "1726"]
[PlyCount "97"]
[SourceDate "2007.10.17"]

1. c4 Nf6 2. Nc3 d5 3. cxd5 Nxd5 4. g3 e6 5. Bg2 c6 6. Nf3 Nd7 7. O-O Bc5 8. e4
Nxc3 9. bxc3 e5 10. d4 exd4 11. cxd4 Bb4 12. Qb3 Be7 13. Ba3 O-O 14. Rfe1 Re8
15. Rad1 Qb6 16. Bb2 Nf6 17. d5 Qxb3 18. axb3 Bb4 19. Nd2 cxd5 20. e5 Ne4 21.
Bxe4 dxe4 22. Rxe4 a5 23. Nc4 Be6 24. Re3 Red8 25. Rdd3 Rxd3 26. Rxd3 h6 27.
Ba3 Bxa3 28. Nxa3 Rc8 29. f4 Rc5 30. Kf2 Rd5 31. Ke3 Rxd3+ 32. Kxd3 Bxb3 33.
Kc3 a4 34. Kb4 Kf8 35. Nb5 Ke7 36. Nd6 b6 37. Nc8+ Ke6 38. Nxb6 f6 39. exf6
Kxf6 40. Nxa4 Bxa4 41. Kxa4 h5 42. Kb4 Kf5 43. Kc4 Kg4 44. Kd4 Kh3 45. Ke3 Kxh2
46. Kf2 g6 47. Kf3 Kh3 48. Kf2 Kg4 49. Kg2 1/2-1/2

[Event "Prebor DDM 2007"]
[Site "?"]
[Date "2007.10.17"]
[Round "2"]
[White "Hacaperka, Michal"]
[Black "Schmidt, Karel"]
[Result "1-0"]
[WhiteElo "1893"]
[BlackElo "1790"]
[PlyCount "77"]
[SourceDate "2007.10.17"]

1. e4 d5 2. exd5 Nf6 3. d4 Nxd5 4. c4 Nb6 5. Nf3 Bg4 6. Be2 c6 7. b3 g6 8. Bb2
Bg7 9. Ne5 Bxe5 10. dxe5 Qxd1+ 11. Kxd1 Be6 12. Nd2 N8d7 13. Ne4 h6 14. f4
O-O-O 15. Ke1 Rhf8 16. a4 Kb8 17. a5 Nc8 18. Rf1 Bf5 19. Bf3 Bxe4 20. Bxe4 Nc5
21. Bc2 Nd3+ 22. Bxd3 Rxd3 23. b4 Rfd8 24. Rf3 Rd2 25. Bc3 Rxg2 26. Rf2 Rg1+
27. Rf1 Rxf1+ 28. Kxf1 Rd3 29. Be1 Rf3+ 30. Kg2 Rxf4 31. Bd2 Rg4+ 32. Kf3 h5
33. Be3 f5 34. exf6 exf6 35. h3 Rh4 36. Bf4+ Ka8 37. Kg3 g5 38. Bc7 Re4 39. Rd1
{cerny prekrocil cas} 1-0

[Event "Prebor DDM 2007"]
[Site "?"]
[Date "2007.10.17"]
[Round "2"]
[White "Kalab, Jaromir"]
[Black "Zuna, Zdenek"]
[Result "1/2-1/2"]
[WhiteElo "1733"]
[BlackElo "1847"]
[PlyCount "116"]
[SourceDate "2007.10.17"]

1. Nf3 Nf6 2. Nc3 d5 3. d4 Bf5 4. Bf4 e6 5. e3 c5 6. Bd3 Bxd3 7. cxd3 Nc6 8.
O-O cxd4 9. Nb5 Rc8 10. Qa4 dxe3 11. fxe3 Qd7 12. Rac1 Ng4 13. h3 e5 14. hxg4
exf4 15. Ne5 Qe6 16. exf4 Be7 17. Rce1 O-O 18. Nd4 Nxd4 19. Nc6 Ne2+ 20. Kf2
Rxc6 21. Rxe2 Bh4+ 22. g3 Bxg3+ 23. Kf3 Qg6 24. Kxg3 Qxd3+ 25. Kf2 Rc4 26. Qd1
Rxf4+ 27. Kg1 Rxg4+ 28. Rg2 Rxg2+ 29. Kxg2 Qxd1 30. Rxd1 Rd8 31. Rc1 Kf8 32.
Rc7 Ke8 33. Rxb7 Rd7 34. Rb8+ Ke7 35. b4 Rc7 36. a4 h5 37. b5 Kf6 38. a5 Rc2+
39. Kf1 Ra2 40. a6 Rb2 41. b6 Rb1+ 42. Ke2 Rb2+ 43. Kd1 axb6 44. a7 Rb1+ 45.
Kc2 Ra1 46. a8=Q Rxa8 47. Rxa8 h4 48. Kd3 g5 49. Ke3 Kf5 50. Rd8 Kg4 51. Rxd5
f5 52. Rb5 h3 53. Kf2 f4 54. Rxb6 Kh5 55. Kf3 g4+ 56. Kxf4 h2 57. Rb1 Kh4 58.
Rb8 Kh3 1/2-1/2

[Event "Prebor DDM 2007"]
[Site "?"]
[Date "2007.10.15"]
[Round "1"]
[White "Komzak, Roman"]
[Black "Vlach, Karel"]
[Result "1-0"]
[WhiteElo "1783"]
[BlackElo "2004"]
[PlyCount "75"]
[EventDate "2007.10.15"]

1. d4 d5 2. c4 c6 3. e3 Nf6 4. Nf3 Bf5 5. Nc3 e6
6. cxd5 exd5 7. Bd3 Qc8 8. O-O Bd6 9. Qc2 Bg6 10. Bd2 Na6 11. a3 Bh5 12. Be2
O-O 13. Ne1 Qc7 14. h3 Bg6 15. Bd3 Rae8 16. Bxg6 fxg6 17. Nd3 g5 18. f3 Nh5 19.
Ne2 Qe7 20. Nf2 Bb8 21. e4 dxe4 22. fxe4 Ng3 23. Nxg3 Bxg3 24. Qb3+ Rf7 25.
Qxg3 h6 26. Rae1 Kh8 27. e5 Rd8 28. Bc3 Nc7 29. Ne4 Ne6 30. Rxf7 Qxf7 31. Nd6
Qe7 32. Qg4 Nf4 33. Rf1 Kg8 34. g3 Rxd6 35. exd6 Qe3+ 36. Kh2 h5 37. Qf3 Qe6
38. gxf4 1-0

[Event "Prebor DDM 2007"]
[Site "?"]
[Date "2007.10.18"]
[Round "2"]
[White "Rylek, Milan"]
[Black "Pokorny, Ondrej"]
[Result "0-1"]
[WhiteElo "1842"]
[BlackElo "1978"]
[PlyCount "46"]
[EventDate "2007.??.??"]
[SourceDate "2007.10.18"]

1. d4 d5 2. c4 c6 3. cxd5 cxd5 4. Nc3 Nf6 5. Bg5 Bf5 6. e3 Nc6 7. Bb5 e6 8.
Nge2 Be7 9. f3 h6 10. Bh4 O-O 11. O-O g5 12. Bf2 Rc8 13. Ng3 Bg6 14. a3 Qb6 15.
Qe2 a6 16. Ba4 Na5 17. e4 Nb3 18. Bxb3 Qxb3 19. exd5 Nxd5 20. Nxd5 Qxd5 21.
Rac1 Bf6 22. Rc5 Rxc5 23. dxc5 Bd3 0-1

[Event "Prebor DDM 2007"]
[Site "?"]
[Date "2007.10.18"]
[Round "2"]
[White "Smutny, Norbert"]
[Black "Spolc, Ondrej"]
[Result "1/2-1/2"]
[WhiteElo "1412"]
[BlackElo "1294"]
[PlyCount "30"]
[EventDate "2007.??.??"]
[SourceDate "2007.10.18"]

1. e4 e5 2. Nf3 Nc6 3. Bc4 d6 4. Nc3 Bg4 5. h3 Bh5 6. g4 Bg6 7. Nh2 Nf6 8. d3
h6 9. f4 Be7 10. f5 Bh7 11. Be3 Qd7 12. Nf3 a6 13. Qd2 b5 14. Bd5 Rb8 15. d4 b4
1/2-1/2

[Event "Prebor DDM 2007"]
[Site "?"]
[Date "2007.10.18"]
[Round "2"]
[White "Sterba, Karel"]
[Black "Nemec, Jan"]
[Result "1/2-1/2"]
[WhiteElo "1813"]
[BlackElo "1927"]
[PlyCount "67"]
[EventDate "2007.??.??"]
[SourceDate "2007.10.18"]

1. e4 e5 2. Nf3 Nc6 3. Bb5 a6 4. Ba4 Nf6 5. O-O Nxe4 6. d4 exd4 7. Re1 d5 8.
Nxd4 Bd6 9. Be3 O-O 10. Nxc6 bxc6 11. Bxc6 Rb8 12. Bxd5 Nf6 13. Bb3 Ng4 14. g3
Nxe3 15. Rxe3 Qf6 16. Nc3 Bb7 17. Ne4 Bxe4 18. Rxe4 Qxb2 19. Rb1 Qf6 20. Re3
Rbd8 21. Qf3 Qg6 22. Rd3 Rde8 23. Rbd1 Re7 24. Re3 Rxe3 25. Qxe3 a5 26. Kg2 Qg4
27. Qf3 Qb4 28. Bd5 a4 29. Qe4 Qxe4+ 30. Bxe4 Rb8 31. Bc6 a3 32. Ba4 Kf8 33.
Re1 f6 34. Bb3 1/2-1/2

[Event "Prebor DDM 2007"]
[Site "?"]
[Date "2007.10.18"]
[Round "1"]
[White "Stvan, Marek"]
[Black "Rakous, Pavel"]
[Result "0-1"]
[WhiteElo "1597"]
[BlackElo "1954"]
[PlyCount "68"]
[EventDate "2007.??.??"]
[SourceDate "2007.10.18"]

1. e4 d6 2. d4 Nf6 3. Nc3 c6 4. Bg5 Qa5 5. Bd2 Qb6 6. e5 dxe5 7. dxe5 Ng4 8.
Be3 Nxe3 9. fxe3 Qxe3+ 10. Qe2 Qf4 11. g3 Qb4 12. O-O-O Bg4 13. Nf3 e6 14. Qd3
Be7 15. Be2 Bf5 16. Qd2 O-O 17. a3 Qa5 18. Nb1 Qc7 19. Qc3 Nd7 20. Nbd2 b5 21.
Bxb5 Nc5 22. Bc4 Rab8 23. Bb3 a5 24. Qc4 Rb6 25. Ba4 Rfb8 26. Nb3 Nxa4 27. Qxa4
Rxb3 28. cxb3 Qb6 29. Nd4 Bg5+ 30. Rd2 Bxd2+ 31. Kxd2 Rd8 32. Kc3 Qc5+ 33. Qc4
Qxe5 34. b4 Qe3+ 0-1

[Event "Prebor DDM 2007"]
[Site "?"]
[Date "2007.10.18"]
[Round "2"]
[White "Kokstein, Vlastimil"]
[Black "Spolc, Martin"]
[Result "0-1"]
[WhiteElo "1589"]
[BlackElo "1366"]
[PlyCount "125"]
[EventDate "2007.??.??"]
[SourceDate "2007.10.18"]

1. e4 e5 2. Nf3 Nc6 3. Bc4 Nf6 4. d3 d6 5. h3 Be7 6. O-O O-O 7. Nc3 h6 8. Be3
b6 9. Nd5 Bb7 10. Nh4 Kh7 11. Qf3 Nxd5 12. Bxd5 Bxh4 13. c3 Qe7 14. b4 Rab8 15.
g3 Bg5 16. h4 Bxe3 17. fxe3 f6 18. h5 Qd7 19. Qf5+ Qxf5 20. exf5 Ne7 21. Bb3
Ba6 22. c4 b5 23. a3 bxc4 24. Bxc4 Bxc4 25. dxc4 Kg8 26. e4 Rfd8 27. Rfd1 c6
28. g4 d5 29. exd5 cxd5 30. c5 d4 31. Rac1 Nc6 32. Rb1 a6 33. Kf2 Kf7 34. Kf3
Rd7 35. Ke4 Ke7 36. Rd3 Kd8 37. Rdb3 Na7 38. a4 Rdb7 39. Kd5 Kd7 40. Kc4 Kc6
41. R3b2 e4 42. Kxd4 a5 43. Kc4 axb4 44. Rd1 Nc8 45. Re1 Re7 46. Rxb4 Rxb4+ 47.
Kxb4 Na7 48. Kc4 e3 49. Kd3 Kxc5 50. Rxe3 Rxe3+ 51. Kxe3 Kb4 52. Kd4 Kxa4 53.
Kd5 Kb4 54. Ke6 Nc6 55. Kf7 Ne5+ 56. Ke7 Nxg4 57. Kf7 Kc4 58. Kxg7 Kd4 59. Kf7
Ke5 60. Kg6 Kf4 61. Kf7 Kxf5 62. Kg7 Kg5 63. Kf7 0-1

[Event "Prebor DDM 2007"]
[Site "?"]
[Date "2007.10.24"]
[Round "3"]
[White "Rylek, Milan"]
[Black "Barta, Tomas"]
[Result "1-0"]
[WhiteElo "1842"]
[BlackElo "1430"]
[PlyCount "43"]
[EventDate "2007.??.??"]
[SourceDate "2007.10.24"]

1. d4 e5 2. dxe5 Nc6 3. b3 Nxe5 4. Bb2 Ng6 5. e3 Nf6 6. Nf3 Bb4+ 7. c3 Ba5 8.
b4 Bb6 9. Bc4 d5 10. Bb3 Bf5 11. O-O O-O 12. c4 c6 13. Nd4 Qd7 14. Nd2 Nh4 15.
Nxf5 Qxf5 16. Bc2 Qg5 17. g3 Nh5 18. Nf3 Nxf3+ 19. Qxf3 dxc4 20. h4 Qd5 21. Be4
Qb5 22. a4 1-0

[Event "Prebor DDM 2007"]
[Site "?"]
[Date "2007.10.24"]
[Round "3"]
[White "Kapralek, Martin"]
[Black "Sterba, Karel"]
[Result "1/2-1/2"]
[WhiteElo "1726"]
[BlackElo "1831"]
[PlyCount "46"]
[EventDate "2007.??.??"]
[SourceDate "2007.10.24"]

1. e4 e5 2. Nc3 Nf6 3. f4 d5 4. fxe5 Nxe4 5. d3 Nxc3 6. bxc3 Be7 7. Nf3 O-O 8.
Be2 Nc6 9. O-O f6 10. exf6 Bxf6 11. d4 Bf5 12. Ba3 Be7 13. Bxe7 Qxe7 14. Bd3
Qe3+ 15. Kh1 Bxd3 16. Qxd3 Qxd3 17. cxd3 Rae8 18. Rae1 Re7 19. Rxe7 Nxe7 20. g3
Nf5 21. Nd2 Ne3 22. Re1 Ng4 23. Re7 Rf7 1/2-1/2

[Event "Prebor DDM 2007"]
[Site "?"]
[Date "2007.10.24"]
[Round "3"]
[White "Spolc, Martin"]
[Black "Smutny, Norbert"]
[Result "1/2-1/2"]
[WhiteElo "1366"]
[BlackElo "1412"]
[PlyCount "64"]
[EventDate "2007.??.??"]
[SourceDate "2007.10.24"]

1. e4 e5 2. Nf3 Nc6 3. Bb5 Qf6 4. d3 Nd4 5. Nc3 c6 6. Bc4 b5 7. Bb3 Nxf3+ 8.
gxf3 Bb4 9. Bd2 d6 10. a3 Bc5 11. Ne2 Qxf3 12. Rf1 Bh3 13. Ng3 Qxd1+ 14. Kxd1
Bxf1 15. Nxf1 Bxf2 16. Ke2 Bh4 17. Ne3 g6 18. Rf1 Bf6 19. Ng4 Ke7 20. a4 h5 21.
Nxf6 Nxf6 22. Bg5 Rhf8 23. Rxf6 Kd7 24. axb5 cxb5 25. Bxf7 Kc7 26. Bxg6 Rxf6
27. Bxf6 a5 28. Kd2 b4 29. b3 Rf8 30. Bh4 Rg8 31. Bf5 Rg2+ 32. Kd1 Rxh2 1/2-1/2

[Event "Prebor DDM 2007"]
[Site "?"]
[Date "2007.10.24"]
[Round "3"]
[White "Schmidt, Karel"]
[Black "Vlach, Karel"]
[Result "0-1"]
[WhiteElo "1790"]
[BlackElo "2004"]
[PlyCount "70"]
[EventDate "2007.??.??"]
[SourceDate "2007.10.24"]

1. d4 Nf6 2. c4 d6 3. Nc3 g6 4. e4 Bg7 5. h3 O-O 6. Nf3 c5 7. dxc5 Qa5 8. Qc2
Nxe4 9. cxd6 Nxc3 10. Bd2 exd6 11. Bxc3 Re8+ 12. Be2 Bxc3+ 13. bxc3 Bf5 14. Qd2
Nc6 15. O-O Rad8 16. Bd3 Ne5 17. Be2 Qc5 18. Nd4 Be6 19. Nxe6 Rxe6 20. Qd5 Nc6
21. Rfe1 Rde8 22. Qxc5 dxc5 23. Kf1 Na5 24. Rad1 R8e7 25. f3 Re3 26. Bd3 Rxe1+
27. Rxe1 Rd7 28. Ke2 Kf8 29. Ke3 Ke7 30. h4 Kd6 31. Kf4 Kc7 32. Re3 h6 33. g4
Kd8 34. Ke5 Re7+ 35. Kf4 g5+ 0-1

[Event "Prebor DDM 2007"]
[Site "?"]
[Date "2007.10.24"]
[Round "3"]
[White "Zuna, Zdenek"]
[Black "Kuhnl, Eduard"]
[Result "1-0"]
[WhiteElo "1847"]
[BlackElo "1720"]
[PlyCount "43"]
[EventDate "2007.??.??"]
[SourceDate "2007.10.24"]

1. e4 e6 2. d4 d5 3. Nd2 dxe4 4. Nxe4 Nd7 5. Nf3 Ngf6 6. Nxf6+ Nxf6 7. Bd3 Be7
8. O-O h6 9. Re1 O-O 10. Ne5 c5 11. dxc5 Bxc5 12. Qf3 Nh7 13. Qg3 g5 14. h4 f6
15. hxg5 fxg5 16. Ng4 h5 17. Qe5 hxg4 18. Qxc5 Qf6 19. Be3 b6 20. Qc6 Rb8 21.
Bxh7+ Kxh7 22. Qc7+ 1-0